000 00812nam a2200205Ia 4500
003 GCL
008 140319s9999 xx 000 0 ara d
040 _aGCL /
_cGCL
082 0 4 _a190
_bج ض
100 1 _aجورج حنا
245 1 0 _aضجة فى صف الفلسفة: عرض للصراع القائم بين الفلسفة الميتافيزيقية وبين المادية العلمية وتحليل لمفهوم القيم الانسانية والمجتمعية /
_cجورج حنا
300 _a96 ص
490 _aالهيئة العامة للاستعلامات
_v0
650 0 4 _aالفلسفة
650 0 4 _aالفلسفة الحديثة
650 0 4 _aالفلسفة - نظريات
650 0 4 _aالفلسفة - مذاهب
650 0 4 _aما وراء الطبيعة, علم
942 _2ddc
_cBK
999 _c50506
_d50506